| 000 | 00729cam a2200265 4500 | ||
|---|---|---|---|
| 001 | J106623 | ||
| 008 | 000000n1998 000 0 eng u | ||
| 035 | _a(Sirsi) u106623 | ||
| 041 | _aeng | ||
| 050 | _a333.337 | ||
| 110 |
_aStrutt & Parker _92509 |
||
| 245 | 4 | _aThe business park index. - July 1998 | |
| 260 |
_aLondon _bInvestment Property Databank _c1998 |
||
| 260 |
_aLondon _bStrutt & Parker _c1998 |
||
| 300 | _a12p. : ill. ; 30cm. | ||
| 650 | _aLONDON | ||
| 650 | _aBUSINESS PARK INDEX | ||
| 650 | _aBUSINESS PARKS | ||
| 650 | _aOFFICE PARKS | ||
| 650 | _aPROPERTY INDICES | ||
| 690 | _aPROPERTY-COMMERCIAL PROPERTY | ||
| 710 |
_aInvestment Property Databank _92288 |
||
| 856 | _aWEB SITE | ||
| 942 | _n0 | ||
| 999 |
_c100589 _d100589 |
||